| 000 | 00445cam a2200169ua 4500 | ||
|---|---|---|---|
| 020 | _c5.00 | ||
| 041 |
_amal _h |
||
| 082 |
_a494.81209 _bGOV/MA |
||
| 100 | _aGovinda Pillai, P . | ||
| 245 |
_aMalayala bhasha charithram / _cP Govinda Pillai. _hTextual Documents |
||
| 260 |
_aKottayam : _bSahitya Pravarthaka Co-operative Society , _c1960. |
||
| 300 | _a458 ; . | ||
| 365 | _a5.00 | ||
| 504 | _a | ||
| 942 | _cBK | ||
| 999 |
_c5021 _d5021 |
||